Normal view MARC view
  • Foster, Norman,

Entry Personal Name

Number of records used in: 4

001 - CONTROL NUMBER

  • control field: 32444

003 - CONTROL NUMBER IDENTIFIER

  • control field: NUST

005 - DATE AND TIME OF LATEST TRANSACTION

  • control field: 20201019100307.0

008 - FIXED-LENGTH DATA ELEMENTS

  • fixed length control field: 201019|| aca||aabn | a|a d

040 ## - CATALOGING SOURCE

  • Original cataloging agency: NUST
  • Transcribing agency: NUST

100 ## - HEADING--PERSONAL NAME

  • Personal name: Foster, Norman,
  • Dates associated with a name: 1935-

670 ## - SOURCE DATA FOUND

  • Source citation: Work cat.: (NUST)263: Pawley, Martin. 32441, Norman Foster :, 1999.
© 2023 Central Library, National University of Sciences and Technology. All Rights Reserved.